1882 1856 1641 1970 1424 1723 1454 1597 1549 1306 1852 1589 1463 1957 1463 1416 1736 1265 1916 1617 1367 1474 1266 1325 1286 1582 1699 1057 1041 1614 1287 1849 1301 1401 1348 1557 1358 1536 1102 1440 1492 1526 1192 1352 1598 1738 1997 1910 1700 1514 1328 1763 1101 1311 1159 1593 1774 1843 1703 1200 1161 1187 1524 1454 1407 1271 1039 1423 1332 1345 1485 1143 1056 1225 1180 1060 1364 1499 1344 1112 1922 1488 1418 1102 1645 1241 1385 1389 1370 1201 1040 1893 1510 1292 1344 1606 1789 1227 1005 BCNSPRNW ULIB Ver.6.0+V

เปลี่ยนเป็นภาษาไทย

Change to English
 แสดงรายละเอียดบรรณานุกรม
  กลับหน้าหลัก

Brief Record : Get Marc (ISO 2709) : E-mail record : QR code < ปิดหน้าต่าง
LEADER : 00000nam 2200000uu 4500
001    13399123342
003     ULIB
008    140825s2548||||th 000 0 tha d
020    9741736428
099    วพ WQ100^bน276ค
100 0  นฤมล ภาณุเตชะ
245 00 ความสัมพันธ์ระหว่างปัจจัยคัดสรรกับพฤติกรรมส่งเสริมสุขภาพของหญิงตั้งครรภ์ที่มีภาวะความดันโลหิตสูงขณะตั้งครรภ์/^cนฤมล ภาณุเตชะ
260    กรุงเทพฯ:^bจุฬาลงกรณ์มหาวิทยาลัย,^c2548
300    179 หน้า
502    วิทยานิพนธ์(พย.ม.)สาขาวิชาการพยาบาลศาสตร์ จุฬาลงกรณ์มหาวิทยาลัย,^c2548
650  0 หญิงตั้งครรภ์ที่มีภาวะความดันโลหิตสูง
650  0 พฤติกรรมส่งเสริมสุขภาพหยิงตั้งครรภ์
945    ^p0^l0^i023424
945    ^p0^l0^i001477
945    ^p0^l0^i001490
999    ^aเกษร โพธิ์สุวรรณ
รายการนี้ยังไม่มีแท็ก
คุณยังไม่ได้ล็อกอิน คุณสามารถมีกิจกรรมร่วมกับเว็บไซต์ได้ แต่ต้องล็อกอินก่อน ::
  ล็อกอิน

รายการสื่อสารสนเทศ

ลำดับที่ ประเภท เลขเรียก/บาร์โค้ด สถานที่ สถานะ
1. วิทยานิพนธ์
วิทยานิพนธ์
วพ WQ100 น276ค ฉ.1 
  Barcode: 023424
ห้องสมุดวิทยาเขตสวรรค์ประชารักษ์
► วิทยานิพนธ์
บนชั้น
2. วิทยานิพนธ์
วิทยานิพนธ์
วพ WQ100 น276ค ฉ.2 
  Barcode: 001477
ห้องสมุดวิทยาเขตสวรรค์ประชารักษ์
► วิทยานิพนธ์
บนชั้น
3. วิทยานิพนธ์
วิทยานิพนธ์
วพ WQ100 น276ค ฉ.3 
  Barcode: 001490
ห้องสมุดวิทยาเขตสวรรค์ประชารักษ์
► วิทยานิพนธ์
บนชั้น

รายการใกล้เคียง
    ผู้แต่ง [นฤมล ภาณุเตชะ]

BibComment


ยังไม่เคยถูกคอมเมนท์

คอมเมนท์ทรัพยากรรายการนี้
  คอมเมนท์: ความสัมพันธ์ระหว่..


 Copyright 2026. Bcnsprnw @Library